[Event "North American-ch UNN"]
[Site "Dulles"]
[Date "2024.12.22"]
[Round "8"]
[White "Cherukuri, Nitesh"]
[Black "Mendes, Aaron Reeve"]
[Result "1/2-1/2"]
[WhiteElo "2275"]
[BlackElo "2359"]
[PlyCount "44"]
[EventDate "2024.12.18"]
[EventType "swiss"]
[EventRounds "9"]
[EventCountry "USA"]
[SourceTitle "CB02_2025"]
[SourceDate "2025.01.08"]
[SourceVersion "1"]
[SourceVersionDate "2025.01.08"]
[SourceQuality "1"]

1. e4 c5 2. Nf3 d6 3. d4 cxd4 4. Nxd4 Nf6 5. Nc3 a6 6. Rg1 e5 7. Nb3 Be6 8. f4 Qb6 9. Rh1 Qc6 10. f5 Bxb3 11. axb3 Nbd7 12. Qf3 b5 13. Bd3 Nc5 14. b4 Nxd3+ 15. Qxd3 d5 16. Nxd5 Nxd5 17. exd5 Qd7 18. Qe4 Bd6 19. f6 0-0 20. Bd2 Rfc8 21. b3 Qc7 22. Kd1 Qb6 1/2-1/2

[Event "North American-ch UNN"]
[Site "Dulles"]
[Date "2024.12.21"]
[Round "6"]
[White "Johnson, Donald"]
[Black "Mendes, Aaron Reeve"]
[Result "0-1"]
[WhiteElo "2255"]
[BlackElo "2359"]
[PlyCount "120"]
[EventDate "2024.12.18"]
[EventType "swiss"]
[EventRounds "9"]
[EventCountry "USA"]
[SourceTitle "CB02_2025"]
[SourceDate "2025.01.08"]
[SourceVersion "1"]
[SourceVersionDate "2025.01.08"]
[SourceQuality "1"]

1. e4 c5 2. Nf3 d6 3. d4 cxd4 4. Nxd4 Nf6 5. Nc3 a6 6. Be3 e5 7. Nb3 Be6 8. f3 Be7 9. Qd2 h5 10. Be2 Nbd7 11. Nd5 Nxd5 12. exd5 Bf5 13. 0-0 0-0 14. Na5 Qc7 15. c4 Rac8 16. Rac1 Qb8 17. b4 Bd8 18. Nb3 b6 19. Rfd1 Qa8 20. Kh1 a5 21. a3 Bg6 22. Bf2 Bf5 23. Bf1 Re8 24. Be3 Rf8 25. Bd3 Bxd3 26. Qxd3 f5 27. Nd2 g6 28. Nb1 axb4 29. axb4 Qa4 30. Qa3 Ra8 31. Qb2 Qa2 32. Qxa2 Rxa2 33. Nc3 Ra8 34. Nb5 Be7 35. Ra1 Rfc8 36. Kg1 Kf7 37. Rdc1 f4 38. Rxa8 Rxa8 39. Bf2 g5 40. h3 Ra4 41. Rb1 Ra2 42. Nc3 Rc2 43. Na4 Bd8 44. c5 b5 45. Nb6 Nf6 46. Ra1 g4 47. hxg4 hxg4 48. Ra7+ Kg6 49. fxg4 Rc1+ 50. Be1 Rxe1+ 51. Kf2 Re3 52. Ra8 Ne4+ 53. Kf1 Nd2+ 54. Kg1 Re1+ 55. Kf2 Bh4+ 56. g3 Bxg3+ 57. Kg2 Re2+ 58. Kh1 Rh2+ 59. Kg1 Nf3+ 60. Kf1 Rf2# 0-1

[Event "North American-ch UNN"]
[Site "Dulles"]
[Date "2024.12.19"]
[Round "3"]
[White "Tang, Zoey"]
[Black "Mendes, Aaron Reeve"]
[Result "1/2-1/2"]
[WhiteElo "2306"]
[BlackElo "2359"]
[PlyCount "65"]
[EventDate "2024.12.18"]
[EventType "swiss"]
[EventRounds "9"]
[EventCountry "USA"]
[SourceTitle "CB02_2025"]
[SourceDate "2025.01.08"]
[SourceVersion "1"]
[SourceVersionDate "2025.01.08"]
[SourceQuality "1"]

1. d4 d5 2. c4 c6 3. cxd5 cxd5 4. Nc3 Nf6 5. Nf3 Nc6 6. Bf4 a6 7. e3 Bg4 8. Be2 e6 9. Rc1 Bd6 10. Bxd6 Qxd6 11. 0-0 0-0 12. Na4 Nd7 13. Nc5 Nxc5 14. Rxc5 b6 15. Rc3 Rfc8 16. Qb3 Bxf3 17. Bxf3 Ne7 18. Rfc1 Rxc3 19. Rxc3 Rc8 20. Be2 Rxc3 21. Qxc3 a5 22. Bb5 g6 23. a3 Kg7 24. h3 h5 25. Bd3 Nc6 26. Bb5 Ne7 27. Bd3 Kg8 28. h4 Kg7 29. g3 Nc6 30. Bb5 Ne7 31. Bd3 Nc6 32. Bb5 Ne7 33. Bd3 1/2-1/2

[Event "North American-ch UNN"]
[Site "Dulles"]
[Date "2024.12.18"]
[Round "2"]
[White "Mendes, Aaron Reeve"]
[Black "Swaminathan, Pranav"]
[Result "1-0"]
[WhiteElo "2359"]
[BlackElo "2186"]
[PlyCount "73"]
[EventDate "2024.12.18"]
[EventType "swiss"]
[EventRounds "9"]
[EventCountry "USA"]
[SourceTitle "CB02_2025"]
[SourceDate "2025.01.08"]
[SourceVersion "1"]
[SourceVersionDate "2025.01.08"]
[SourceQuality "1"]

1. e4 c5 2. Nf3 e6 3. b3 a6 4. Bb2 Nc6 5. c4 Qc7 6. g3 Nf6 7. e5 Ng4 8. Bg2 h5 9. Qe2 Rb8 10. 0-0 b6 11. d3 Bb7 12. Nbd2 Be7 13. Rad1 Nh6 14. Ne4 Nf5 15. Bh3 Nfd4 16. Nxd4 Nxd4 17. Bxd4 cxd4 18. f4 g6 19. Bg2 Bxe4 20. dxe4 h4 21. Rd3 b5 22. Rc1 Bb4 23. Kf1 Bc3 24. cxb5 axb5 25. Rxd4 hxg3 26. hxg3 b4 27. a4 Qd8 28. Rd3 g5 29. Rcd1 gxf4 30. gxf4 Qh4 31. Qf3 Rg8 32. Qf2 Qh6 33. Rg3 Rg6 34. Rh3 Qg7 35. f5 Rg5 36. f6 Qg8 37. Qc5 1-0

[Event "Saint Louis Masters op"]
[Site "Saint Louis"]
[Date "2024.12.06"]
[Round "7"]
[White "Adewumi, Tanitoluwa"]
[Black "Mendes, Aaron Reeve"]
[Result "1-0"]
[WhiteElo "2349"]
[BlackElo "2359"]
[PlyCount "120"]
[EventDate "2024.12.03"]
[EventType "swiss"]
[EventRounds "9"]
[EventCountry "USA"]
[SourceTitle "CB50_2024"]
[SourceDate "2024.11.01"]
[SourceVersion "1"]
[SourceVersionDate "2024.11.01"]
[SourceQuality "2"]

1. Nf3 d5 2. b3 Nf6 3. Bb2 c6 4. g3 Bg4 5. Bg2 e6 6. h3 Bh5 7. 0-0 Bd6 8. c4 0-0 9. Nc3 Nbd7 10. d3 Qe7 11. a3 h6 12. b4 a5 13. b5 Bxf3 14. Bxf3 dxc4 15. bxc6 bxc6 16. d4 Rab8 17. Qc1 c5 18. Ne4 Rfc8 19. Nxd6 Qxd6 20. Rd1 Qe7 21. Bc3 cxd4 22. Rxd4 e5 23. Rh4 Qc5 24. e3 Nf8 25. Be2 Qd5 26. Qf1 Ne4 27. Rd1 Qc6 28. Bxe5 Rb5 29. Bd4 Ng6 30. Rh5 Rb3 31. Bf3 Qe8 32. Rxa5 c3 33. Qd3 c2 34. Qxb3 Nd2 35. Rxd2 c1Q+ 36. Rd1 Qc7 37. Ra7 Qcd8 38. Bxg7 Qg5 39. Bd4 Rd8 40. Rb7 h5 41. Bc6 Qf8 42. Rb5 Qge7 43. Bc5 Rxd1+ 44. Qxd1 Qfd8 45. Rb8 Qxb8 46. Bxe7 Nxe7 47. Be4 Qe5 48. Qd8+ Kg7 49. Qd4 f6 50. Qxe5 fxe5 51. a4 Nc8 52. a5 Kf6 53. a6 Na7 54. Kf1 Nb5 55. Ke2 Nc3+ 56. Kd3 Nxe4 57. Kxe4 Kg5 58. a7 Kh6 59. Kf5 h4 60. a8Q hxg3 1-0

[Event "Saint Louis Masters op"]
[Site "Saint Louis"]
[Date "2024.12.06"]
[Round "8"]
[White "Mendes, Aaron Reeve"]
[Black "Tokhirjonova, Gulruhbegim"]
[Result "1-0"]
[WhiteElo "2359"]
[BlackElo "2385"]
[PlyCount "117"]
[EventDate "2024.12.03"]
[EventType "swiss"]
[EventRounds "9"]
[EventCountry "USA"]
[SourceTitle "CB50_2024"]
[SourceDate "2024.11.01"]
[SourceVersion "1"]
[SourceVersionDate "2024.11.01"]
[SourceQuality "2"]

1. e4 e5 2. Nf3 Nc6 3. d4 exd4 4. Nxd4 Nf6 5. Nxc6 bxc6 6. Nd2 Bc5 7. Be2 0-0 8. e5 Ne8 9. 0-0 d5 10. Nb3 Be7 11. Bf3 Be6 12. Na5 Qd7 13. c4 f6 14. Nxc6 Qxc6 15. cxd5 Qb6 16. exf6 Rxf6 17. dxe6 Rd8 18. Qc2 Rxe6 19. Be3 c5 20. Rad1 Rxd1 21. Rxd1 Nf6 22. Qc4 a5 23. a3 Kf8 24. b4 axb4 25. axb4 Rxe3 26. fxe3 cxb4 27. Rd3 Bd6 28. Bd1 Qc7 29. Qxc7 Bxc7 30. Rd4 Bb6 31. Rxb4 Bxe3+ 32. Kf1 Nd5 33. Rb8+ Ke7 34. Rb7+ Kf6 35. Bb3 Ne7 36. Ke2 Bc5 37. Kd3 Bd6 38. g3 g6 39. Ke4 Bc5 40. Ba2 h5 41. Rb3 Bg1 42. h3 Bc5 43. Rf3+ Kg5 44. h4+ Kh6 45. Be6 Bd6 46. Rf7 Ba3 47. Kf3 Bd6 48. Ba2 Ba3 49. Bb1 Bb4 50. Ke4 Bd6 51. Kd4 Ng8 52. Rf3 Ne7 53. Be4 Kg7 54. Kc4 Be5 55. Kc5 Bf6 56. Kd6 g5 57. Ke6 Ng8 58. hxg5 Bxg5 59. Rf7+ 1-0